| 000 | 00688nam a2200229Ia 4500 | ||
|---|---|---|---|
| 003 | GCL | ||
| 008 | 140319s9999 xx 000 0 ara d | ||
| 040 |
_aGCL / _cGCL |
||
| 082 | 0 | 4 |
_a070.41 _bع ف |
| 100 | 1 | _aعبدالعزيز شرف | |
| 245 | 1 | 0 |
_aفن التحرير الاعلامى / _cعبدالعزيز شرف |
| 260 |
_a[S.N] : _bالهيئة المصرية العامة للكتاب ، _c1987 |
||
| 300 | _a273 ص | ||
| 490 | _a | ||
| 650 | 0 | 4 | _aالصحافة |
| 650 | 0 | 4 | _aالاعلام |
| 650 | 0 | 4 | _aتحرير |
| 650 | 0 | 4 | _aالكتابة الفنية |
| 650 | 0 | 4 | _aالتقارير الفنية |
| 650 | 0 | 4 | _aالانباء العالمية |
| 942 |
_2ddc _cBK |
||
| 999 |
_c59044 _d59044 |
||